[Event "Longtou Cup 2nd"]
[Site "Qinhuangdao"]
[Date "2019.04.23"]
[Round "7"]
[White "Zhang, Xiao"]
[Black "Mikhalev, Dmitry"]
[Result "1-0"]
[WhiteElo "2141"]
[BlackElo "2360"]
[PlyCount "155"]
[EventDate "2019.04.16"]
[EventType "swiss"]
[EventRounds "9"]
[EventCountry "CHN"]
[SourceTitle "CBM 190 Extra"]
[Source "ChessBase"]
[SourceDate "2019.07.15"]
[SourceVersion "1"]
[SourceVersionDate "2019.07.15"]
[SourceQuality "1"]

1. d4 Nf6 2. c4 c5 3. d5 e5 4. Nc3 d6 5. e4 Be7 6. Bd3 0-0 7. Nge2 Ne8 8. 0-0 Bg5 9. f4 exf4 10. Bxf4 Bxf4 11. Nxf4 Nd7 12. Be2 Ne5 13. b3 Qe7 14. Qd2 Bd7 15. Nd3 Nc7 16. Nxc5 dxc5 17. d6 Qd8 18. dxc7 Qxc7 19. Nd5 Qb8 20. Qg5 Kh8 21. Rad1 Be6 22. Nf4 Qc7 23. Rf2 Rae8 24. Bh5 b6 25. Rfd2 Bc8 26. Nd5 Qb8 27. Ne3 Be6 28. Rd6 f6 29. Qh4 Re7 30. Qf2 Qc7 31. h3 Nc6 32. R6d2 Nd4 33. Qh4 Kg8 34. Rf2 Rd8 35. Rdf1 Qe5 36. Bf3 Qg5 37. Qxg5 fxg5 38. Nd5 Rf7 39. Bg4 Rdd7 40. Bxe6 Nxe6 41. e5 Rxf2 42. Rxf2 Rf7 43. Rd2 Kf8 44. g4 Ke8 45. Kg2 Rd7 46. Kf3 Rf7+ 47. Ke4 Rf1 48. Nc3 Nf4 49. Nb5 Nxh3 50. Kd5 Ke7 51. Nxa7 Nf4+ 52. Kc6 h5 53. Rd7+ Kf8 54. e6 Nxe6 55. gxh5 g4 56. Rd3 Rf3 57. Rd1 g3 58. Kxb6 g2 59. Rg1 Nf4 60. Kxc5 Rf1 61. Rxg2 Nxg2 62. b4 Ke7 63. b5 Rf5+ 64. Kc6 Rxh5 65. b6 Rh6+ 66. Kc7 Rxb6 67. Nc8+ Ke6 68. Nxb6 g5 69. a4 g4 70. a5 Ne3 71. a6 g3 72. Nd5 Nxd5+ 73. cxd5+ Ke5 74. a7 g2 75. a8Q g1Q 76. d6 Qc5+ 77. Qc6 Qa5+ 78. Kc8 1-0

[Event "Longtou Cup 2nd"]
[Site "Qinhuangdao"]
[Date "2019.04.17"]
[Round "2"]
[White "Mikhalev, Dmitry"]
[Black "Li, Yunshan"]
[Result "0-1"]
[WhiteElo "2360"]
[BlackElo "2191"]
[PlyCount "72"]
[EventDate "2019.04.16"]
[EventType "swiss"]
[EventRounds "9"]
[EventCountry "CHN"]
[SourceTitle "CBM 190 Extra"]
[Source "ChessBase"]
[SourceDate "2019.07.15"]
[SourceVersion "1"]
[SourceVersionDate "2019.07.15"]
[SourceQuality "1"]

1. d4 Nf6 2. c4 g6 3. Nc3 d5 4. Nf3 Bg7 5. Bg5 Ne4 6. cxd5 Nxg5 7. Nxg5 e6 8. Nf3 exd5 9. e3 0-0 10. b4 c6 11. Bd3 f5 12. 0-0 f4 13. e4 dxe4 14. Qb3+ Kh8 15. Bxe4 Bg4 16. Rad1 Qf6 17. Rd3 Nd7 18. b5 c5 19. Bxb7 Rab8 20. Bc6 Bxf3 21. Bxd7 cxd4 22. Rxf3 dxc3 23. Qc4 Rbd8 24. Bc6 Qd6 25. g3 Qd2 26. Rxf4 Rxf4 27. Qxf4 c2 28. Be4 Bb2 29. Bxc2 Qxc2 30. Qf7 Qc5 31. a4 Rf8 32. Qb3 Bd4 33. Kg2 Qf5 34. f3 Rc8 35. Rd1 Rc3 36. Qb1 Rc2+ 0-1